Marketing Management: Knowledge and Skills (Record no. 4158)

MARC details
005 - DATE AND TIME OF LATEST TRANSACTION
control field 20250616142816.0
020 ## - INTERNATIONAL STANDARD BOOK NUMBER
International Standard Book Number 0-07-255217-4
082 ## - DEWEY DECIMAL CLASSIFICATION NUMBER
Classification number 658.8 PET
100 ## - MAIN ENTRY--PERSONAL NAME
Author name PETER, P. J
245 ## - TITLE STATEMENT
Title Marketing Management: Knowledge and Skills
250 ## - EDITION STATEMENT
Edition statement 7th Ed.
260 ## - PUBLICATION, DISTRIBUTION, ETC.
Place of publication, distribution, etc. Boston
Name of publisher, distributor, etc. McGraw-Hill Irwin
Date of publication, distribution, etc. 2004.
300 ## - PHYSICAL DESCRIPTION
Extent xix,876p.:ill.;diagrams, pictutres, tables
Other physical details Index
Dimensions 26cm
700 ## - ADDED ENTRY--PERSONAL NAME
Other authors/Editors James H. Donnelly
942 ## - ADDED ENTRY ELEMENTS (KOHA)
Source of classification or shelving scheme Dewey Decimal Classification
Koha item type Books
Holdings
Date last seen Total checkouts Full call number Barcode Cost, replacement price Price effective from Koha item type Lost status Source of classification or shelving scheme Damaged status Not for loan Withdrawn status Home library Current library Shelving location Date acquired Source of acquisition Cost, normal purchase price
06/16/2025   658.8 PET MZA0001138 150000.00 06/16/2025 Books   Dewey Decimal Classification       CBE Mwanza CBE Mwanza General Collection 07/02/2007 Library Budget 50000.00
06/16/2025   658.8 PET MZA0001139 150000.00 06/16/2025 Books   Dewey Decimal Classification       CBE Mwanza CBE Mwanza General Collection 07/02/2007 Library Budget 50000.00
06/16/2025   658.8 PET MZA0001140 150000.00 06/16/2025 Books   Dewey Decimal Classification       CBE Mwanza CBE Mwanza General Collection 07/02/2007 Library Budget 50000.00
06/16/2025   658.8 PET MZA0001141 150000.00 06/16/2025 Books   Dewey Decimal Classification       CBE Mwanza CBE Mwanza General Collection 07/02/2007 Library Budget 50000.00
06/16/2025   658.8 PET MZA0001142 150000.00 06/16/2025 Books   Dewey Decimal Classification       CBE Mwanza CBE Mwanza General Collection 07/02/2007 Library Budget 50000.00
06/16/2025   658.8 PET MZA0001143 150000.00 06/16/2025 Books   Dewey Decimal Classification       CBE Mwanza CBE Mwanza General Collection 07/02/2007 Library Budget 50000.00